00735nam a2200181 a 450000100060000000300090000600800410001502000150005604000280007108200160009910000190011524500690013426000240020330000100022750502790023765000230051665000140053922774CO-ViMGA141112s2004 ck r 000 u spa d a9706136045 aCO-ViMGAbspacCO-ViMGA04a153.2 L366q1 aLepore, Ernest10a¿Qué es la ciencia cognitiva? Una visión multidisciplinaria aMéxico : bOxford a308p. aQue hay en la mente, Reconsideracion de la racionalidad : desde las implicaciones, Nuevos fundamentos de la percepción, Realmente funcionan la vision, Que nos indican los movimientos oculares acerca de la mente, Aspectos cognitivos y neurales en la aquisicion del lenguaje14aCIENCIA COGNITIVA 14aCOGNICION